| 000 | 00495nam a22001931a 4500 | ||
|---|---|---|---|
| 001 | 18646 | ||
| 003 | OSt | ||
| 005 | 20260204212415.0 | ||
| 008 | 180414s2011||||mx ||||||b||||||||||spa|| | ||
| 020 | _a9993444421 | ||
| 082 | _a340.54 P444t | ||
| 100 | _aPetit,Eugéne | ||
| 245 | _aTratado elemental de derecho romano/Eugéne Petit;traducción de José Fernández González | ||
| 250 | _a2 | ||
| 264 | _aMéxico:Nacional | ||
| 300 | _a532 p | ||
| 650 | _aDerecho RomanoÌ | ||
| 942 |
_2ddc _cBK |
||
| 999 |
_c18646 _d18646 |
||